00521nam a22001697a 450000500170000001000150001702000260003203500140005803700090007208200180008124500960009925000060019526000440020127000760024530000200032176000100034120250731124033.0 aENG-146250 c280.00a9789392151910 aEN-129782 bDBAD a344.54032721 aChild Rights and Protection/cEdited By U. Pandian; V. Vijayakumar [and] M. Senthilkumaran  a1 aTamil NadubFirst Book Publishingc2025 bTamil Nadua61, 66 T. P. K. Main Road, Vasantha Nagar, Madurai,e625003 a102p.c22cm(pb) bFirst